000 00784nam a2200265Ia 4500
003 GCL
008 140319s9999 xx 000 0 ara d
040 _aGCL /
_cGCL
082 0 4 _a188
_bف ف
100 1 _aفؤاد كامل
245 1 0 _aالفرد فى فلسفة شوبنهور /
_cفؤاد كامل
260 _a[S.N] :
_bالهيئة المصرية العامة للكتاب
300 _a133 ص
490 _a
650 0 4 _aالعلم
650 0 4 _aالاخلاق
650 0 4 _aالفلاسفة
650 0 4 _aالفلسفة الغربية
650 0 4 _aالعصور الوسطى
650 0 4 _aالمذاهب
650 0 4 _aفلسفة العصور الوسطى
650 0 4 _aشوبنهور
650 0 4 _aما وراء الطبيعة, علم
942 _2ddc
_cBK
999 _c28183
_d28183